<?xml version="1.0" encoding="UTF-8"?>
<record
    xmlns:xsi="http://www.w3.org/2001/XMLSchema-instance"
    xsi:schemaLocation="http://www.loc.gov/MARC21/slim http://www.loc.gov/standards/marcxml/schema/MARC21slim.xsd"
    xmlns="http://www.loc.gov/MARC21/slim">

  <leader>01533nam a22001937a 4500</leader>
  <controlfield tag="008">180731b        xxu||||| |||| 00| 0 eng d</controlfield>
  <datafield tag="020" ind1=" " ind2=" ">
    <subfield code="a">9780077154691</subfield>
  </datafield>
  <datafield tag="050" ind1=" " ind2=" ">
    <subfield code="a">HJ257.2.R67</subfield>
  </datafield>
  <datafield tag="100" ind1=" " ind2=" ">
    <subfield code="a">Rosen, Harvey.</subfield>
  </datafield>
  <datafield tag="245" ind1=" " ind2=" ">
    <subfield code="a">Public finance. /</subfield>
    <subfield code="c">Harvey Rosen, Ted Gayer and Abdulkadir Civan. </subfield>
  </datafield>
  <datafield tag="250" ind1=" " ind2=" ">
    <subfield code="a">10th ed.</subfield>
  </datafield>
  <datafield tag="260" ind1=" " ind2=" ">
    <subfield code="a">New York :</subfield>
    <subfield code="b">McGraw-Hill,</subfield>
    <subfield code="c">2014.</subfield>
  </datafield>
  <datafield tag="300" ind1=" " ind2=" ">
    <subfield code="a">xxii, 588p. :</subfield>
    <subfield code="b">ill. ;</subfield>
    <subfield code="c">26 cm.</subfield>
  </datafield>
  <datafield tag="500" ind1=" " ind2=" ">
    <subfield code="a">Includes index.</subfield>
  </datafield>
  <datafield tag="505" ind1=" " ind2=" ">
    <subfield code="a">Contents: Part 1: Getting started: 1. Introduction -- 2. Tools of positive analysis -- 3. Tools of normative analysis -- Part 2: Public expenditure: Public goods and externalities: 4. Public goods -- 5. Externalities -- 6. Political Economy -- 7. Education -- 8. Cost-benefit analysis -- Part 3: Public expenditure: social insurance and income maintenance: 9. The health care market -- 10. Government and the market for health care -- 11. Social security -- 12. Income redistribution: conceptual issues -- 13. Expenditure programs for the poor -- Part 4: Framework for tax analysis: 14. Taxation and income distribution -- 15. Taxation and efficiency -- 16. Efficient and equitable taxation -- Part 5: The United States revenue system: 17. The Personal income tax -- 18. Personal taxtion and behavior -- 19. The corporation tax -- 20. Deficit finance -- 21. Fundamental tax reform: taxes on consumption and wealth -- Part 6: Multigovernment public finance: 22. Public finance in a federal system.    </subfield>
  </datafield>
  <datafield tag="700" ind1=" " ind2=" ">
    <subfield code="a">Gayer, Ted.</subfield>
  </datafield>
  <datafield tag="700" ind1=" " ind2=" ">
    <subfield code="a">Civan, Abdulkadir.</subfield>
  </datafield>
  <datafield tag="942" ind1=" " ind2=" ">
    <subfield code="2">lcc</subfield>
    <subfield code="c">BK</subfield>
  </datafield>
  <datafield tag="999" ind1=" " ind2=" ">
    <subfield code="c">6613</subfield>
    <subfield code="d">14113</subfield>
  </datafield>
  <datafield tag="952" ind1=" " ind2=" ">
    <subfield code="0">0</subfield>
    <subfield code="1">0</subfield>
    <subfield code="2">lcc</subfield>
    <subfield code="4">0</subfield>
    <subfield code="7">0</subfield>
    <subfield code="a">WIUC-1</subfield>
    <subfield code="b">WIUC-1</subfield>
    <subfield code="c">REF</subfield>
    <subfield code="d">2018-07-31</subfield>
    <subfield code="o">HJ257.2.R67</subfield>
    <subfield code="p">8232/050/18</subfield>
    <subfield code="r">2018-07-31 00:00:00</subfield>
    <subfield code="t">1</subfield>
    <subfield code="w">2018-07-31</subfield>
    <subfield code="y">BK</subfield>
  </datafield>
  <datafield tag="952" ind1=" " ind2=" ">
    <subfield code="0">0</subfield>
    <subfield code="1">0</subfield>
    <subfield code="2">lcc</subfield>
    <subfield code="4">0</subfield>
    <subfield code="7">0</subfield>
    <subfield code="a">WIUC-KL</subfield>
    <subfield code="b">WIUC-KL</subfield>
    <subfield code="c">GEN</subfield>
    <subfield code="d">2019-10-30</subfield>
    <subfield code="o">HJ257.2.R67(10e)</subfield>
    <subfield code="p">K/918/918/19</subfield>
    <subfield code="r">2021-07-08 00:00:00</subfield>
    <subfield code="t">1</subfield>
    <subfield code="w">2021-07-08</subfield>
    <subfield code="y">BK</subfield>
  </datafield>
  <datafield tag="952" ind1=" " ind2=" ">
    <subfield code="0">0</subfield>
    <subfield code="1">0</subfield>
    <subfield code="2">lcc</subfield>
    <subfield code="4">0</subfield>
    <subfield code="7">0</subfield>
    <subfield code="a">WIUC-KL</subfield>
    <subfield code="b">WIUC-KL</subfield>
    <subfield code="c">GEN</subfield>
    <subfield code="d">2019-10-30</subfield>
    <subfield code="l">0</subfield>
    <subfield code="o">HJ257.2.R671(10e)</subfield>
    <subfield code="p">K/919/919/19</subfield>
    <subfield code="r">2021-07-08 00:00:00</subfield>
    <subfield code="t">2</subfield>
    <subfield code="w">2021-07-08</subfield>
    <subfield code="y">BK</subfield>
  </datafield>
  <datafield tag="952" ind1=" " ind2=" ">
    <subfield code="0">0</subfield>
    <subfield code="1">0</subfield>
    <subfield code="2">lcc</subfield>
    <subfield code="4">0</subfield>
    <subfield code="7">0</subfield>
    <subfield code="a">WIUC-KL</subfield>
    <subfield code="b">WIUC-KL</subfield>
    <subfield code="c">GEN</subfield>
    <subfield code="d">2019-10-30</subfield>
    <subfield code="l">0</subfield>
    <subfield code="o">HJ257.2.R672(10e)</subfield>
    <subfield code="p">K/920/920/19</subfield>
    <subfield code="r">2021-07-08 00:00:00</subfield>
    <subfield code="t">3</subfield>
    <subfield code="w">2021-07-08</subfield>
    <subfield code="y">BK</subfield>
  </datafield>
  <datafield tag="952" ind1=" " ind2=" ">
    <subfield code="0">0</subfield>
    <subfield code="1">0</subfield>
    <subfield code="2">lcc</subfield>
    <subfield code="4">0</subfield>
    <subfield code="7">0</subfield>
    <subfield code="a">WIUC-KL</subfield>
    <subfield code="b">WIUC-KL</subfield>
    <subfield code="c">GEN</subfield>
    <subfield code="d">2019-10-30</subfield>
    <subfield code="l">0</subfield>
    <subfield code="o">HJ257.2.R673(10e)</subfield>
    <subfield code="p">K/921/921/19</subfield>
    <subfield code="r">2021-07-08 00:00:00</subfield>
    <subfield code="t">4</subfield>
    <subfield code="w">2021-07-08</subfield>
    <subfield code="y">BK</subfield>
  </datafield>
  <datafield tag="952" ind1=" " ind2=" ">
    <subfield code="0">0</subfield>
    <subfield code="1">0</subfield>
    <subfield code="2">lcc</subfield>
    <subfield code="4">0</subfield>
    <subfield code="7">0</subfield>
    <subfield code="a">WIUC-KL</subfield>
    <subfield code="b">WIUC-KL</subfield>
    <subfield code="c">GEN</subfield>
    <subfield code="d">2019-10-30</subfield>
    <subfield code="l">0</subfield>
    <subfield code="o">HJ257.2.R674(10e)</subfield>
    <subfield code="p">K/922/922/19</subfield>
    <subfield code="r">2021-07-08 00:00:00</subfield>
    <subfield code="t">5</subfield>
    <subfield code="w">2021-07-08</subfield>
    <subfield code="y">BK</subfield>
  </datafield>
  <datafield tag="952" ind1=" " ind2=" ">
    <subfield code="0">0</subfield>
    <subfield code="1">0</subfield>
    <subfield code="2">lcc</subfield>
    <subfield code="4">0</subfield>
    <subfield code="7">0</subfield>
    <subfield code="a">WIUC-KL</subfield>
    <subfield code="b">WIUC-KL</subfield>
    <subfield code="c">GEN</subfield>
    <subfield code="d">2019-10-30</subfield>
    <subfield code="l">0</subfield>
    <subfield code="o">HJ257.2.R675(10e)</subfield>
    <subfield code="p">K/923/923/19</subfield>
    <subfield code="r">2021-07-08 00:00:00</subfield>
    <subfield code="t">6</subfield>
    <subfield code="w">2021-07-08</subfield>
    <subfield code="y">BK</subfield>
  </datafield>
  <datafield tag="952" ind1=" " ind2=" ">
    <subfield code="0">0</subfield>
    <subfield code="1">0</subfield>
    <subfield code="2">lcc</subfield>
    <subfield code="4">0</subfield>
    <subfield code="7">0</subfield>
    <subfield code="a">WIUC-KL</subfield>
    <subfield code="b">WIUC-KL</subfield>
    <subfield code="c">GEN</subfield>
    <subfield code="d">2019-10-30</subfield>
    <subfield code="l">0</subfield>
    <subfield code="o">HJ257.2.R676(10e)</subfield>
    <subfield code="p">K/924/924/19</subfield>
    <subfield code="r">2021-07-08 00:00:00</subfield>
    <subfield code="t">7</subfield>
    <subfield code="w">2021-07-08</subfield>
    <subfield code="y">BK</subfield>
  </datafield>
  <datafield tag="952" ind1=" " ind2=" ">
    <subfield code="0">0</subfield>
    <subfield code="1">0</subfield>
    <subfield code="2">lcc</subfield>
    <subfield code="4">0</subfield>
    <subfield code="7">0</subfield>
    <subfield code="a">WIUC-KL</subfield>
    <subfield code="b">WIUC-KL</subfield>
    <subfield code="c">GEN</subfield>
    <subfield code="d">2019-10-30</subfield>
    <subfield code="l">0</subfield>
    <subfield code="o">HJ257.2.R677(10e)</subfield>
    <subfield code="p">K/925/925/19</subfield>
    <subfield code="r">2021-07-08 00:00:00</subfield>
    <subfield code="t">8</subfield>
    <subfield code="w">2021-07-08</subfield>
    <subfield code="y">BK</subfield>
  </datafield>
  <datafield tag="952" ind1=" " ind2=" ">
    <subfield code="0">0</subfield>
    <subfield code="1">0</subfield>
    <subfield code="2">lcc</subfield>
    <subfield code="4">0</subfield>
    <subfield code="7">0</subfield>
    <subfield code="a">WIUC-1</subfield>
    <subfield code="b">WIUC-1</subfield>
    <subfield code="c">GEN</subfield>
    <subfield code="d">2023-06-15</subfield>
    <subfield code="l">0</subfield>
    <subfield code="o">HJ257.2.R671</subfield>
    <subfield code="p">9502/203/23</subfield>
    <subfield code="r">2023-06-15 00:00:00</subfield>
    <subfield code="t">2</subfield>
    <subfield code="w">2018-07-31</subfield>
    <subfield code="y">BK</subfield>
  </datafield>
  <datafield tag="952" ind1=" " ind2=" ">
    <subfield code="0">0</subfield>
    <subfield code="1">0</subfield>
    <subfield code="2">lcc</subfield>
    <subfield code="4">0</subfield>
    <subfield code="7">0</subfield>
    <subfield code="a">WIUC-1</subfield>
    <subfield code="b">WIUC-1</subfield>
    <subfield code="c">GEN</subfield>
    <subfield code="d">2023-06-15</subfield>
    <subfield code="l">0</subfield>
    <subfield code="o">HJ257.2.R672(10e)</subfield>
    <subfield code="p">9503/204/23</subfield>
    <subfield code="r">2023-06-15 00:00:00</subfield>
    <subfield code="t">3</subfield>
    <subfield code="w">2018-07-31</subfield>
    <subfield code="y">BK</subfield>
  </datafield>
</record>
